000
00248nam a22001217a 4500
082
_a
669 MET'L
100
_a
LYMAN, TAYLOR
_9
60605
245
_a
669 MET'L VOL-1
250
_a
8TH
260
_a
USA
_b
ASM
_c
1961
300
_a
XI, 1300P
942
_c
BK
999
_c
570293
_d
570293